• 首页
  • 本馆介绍
  • 公告通知
  • 最新文献
  • 馆藏检索
  • 电子资源
  • 读者荐购
  • 参考咨询
  • CALIS
  • 我的图书馆
  • 登录
  • 详细信息显示
  • 放入我的书架
  • 预约/预借图书
  • 作者相关作品
  • 分类相关作品
  • 丛书相关作品
  • 出版社相关作品

书目信息

  • 表格格式
  • 工作单格式
  • 卡片格式
题名:
归来的儿子
    
 
作者: 陈毅 著
分册:  
出版信息: 成都   四川人民出版社  1983.06
页数: 529页
开本: 16cm
丛书名:
单 册:
中图分类: I247.7
科图分类:
主题词: 小说--中国
电子资源:
ISBN:
 
 
 
 
 
000 00526nam0 2200193 450
001 0855713738
005 20081104153003.93
010    @dCNY1.27
100    @a20081104d1983 km y0chiy0120 ea
101 0  @achi
102    @aCN@b510000
200 1  @a归来的儿子@Agui lai de er zi@f陈毅著@Fchen yi zhu
210    @a成都@c四川人民出版社@d1983.06
215    @a529页@d16cm
606 0  @a小说@x中国
690    @aI247.7@v4
701  0 @a陈毅@Achen yi@4著
801  0 @aCN@b大连网信软件有限公司图书馆·11@c20081104
905    @aZUCC@dI247.7@eC623
    
    归来的儿子/陈毅著.-成都:四川人民出版社,1983.06
    529页;16cm
    
    
    ISBN :CNY1.27
    
●
相关链接 在E读中查询图书 在当当中查询图书 在豆瓣中查询图书


正题名:归来的儿子     索取号:I247.7/C623         预约/预借

序号 登录号 条形码 馆藏地/架位号 状态 备注
1 460703   204607032   社科二线422/422社科库 25排2列3层/ [索取号:I247.7/C623] 在馆    
河南城建学院图书馆 欢迎您!
大连网信软件有限公司© 版权所有